00430nam a22001577a 450000500170000001000140001702000250003103500130005603700130006908200120008210000150009424500390010926000390014827000660018730000190025320100807115227.0 aENG-98852 a9789380439044c60.00 aEN-82384 bDBAD/PUB a346.044 aKarpagam,R aConservation Laws /cBy R Karpagam aErodebKongu Nadu Literaturec2009 a93, Chinnamuthu Main Street E K ValasubErode, Tamil Nadue11 a92pc20cm(pbk)